000 00625nam a2200205Ia 4500
001 19773
003 GE_BSU
008 181216s||||||||xx |||||||||||||| ||und||
040 _cGE_BSU
245 _aАграрная наука №12 2016
245 _bНаучно-теоретический и производственный журнал
245 _cГл. ред. Б.В. Виолин
260 _aМосква
260 _c2016
300 _a32 стр. 30см. илл.
653 _aАграрная наука №12 2016
653 _aПериодика
653 _aპერიოდიკა
942 _cCR
999 _c52747
_d52747